El Greco / (Record no. 195966)
[ view plain ]
| 000 -LEADER | |
|---|---|
| campo de control de longitud fija | 01391nam a2200373 i 4500 |
| 001 - NÚMERO DE CONTROL | |
| campo de control | 195966 |
| 003 - IDENTIFICADOR DE NÚMERO DE CONTROL | |
| campo de control | ES-MaACL |
| 005 - FECHA Y HORA DE LA ÚLTIMA TRANSACCIÓN | |
| campo de control | 20250825062655.0 |
| 008 - DATOS DE LONGITUD FIJA--INFORMACIÓN GENERAL | |
| campo de control de longitud fija | 240804s1967 gw a || 000 ||ger|c |
| 017 ## - NÚMERO DE COPYRIGHT O DE DEPÓSITO LEGAL | |
| Número de copyright o de depósito legal | B 33137-1967 |
| 035 ## - NÚMERO DE CONTROL DEL SISTEMA | |
| Número de control de sistema | (ES-BaCBU).b20122639 |
| 035 ## - NÚMERO DE CONTROL DEL SISTEMA | |
| Número de control de sistema | (OCoLC)805724481 |
| 035 ## - NÚMERO DE CONTROL DEL SISTEMA | |
| Número de control de sistema | 991038596109706706 |
| 040 ## - FUENTE DE CATALOGACIÓN | |
| Centro catalogador/agencia de origen | ES-BaCBU |
| Lengua de catalogación | cat |
| Centro/agencia transcriptor | ES-BaCBU |
| Centro/agencia modificador | ES-MaACL |
| 100 0# - ENTRADA PRINCIPAL--NOMBRE DE PERSONA | |
| Nombre de persona | El Greco |
| 9 (RLIN) | 46893 |
| Término indicativo de función/relación | Autor |
| 245 13 - MENCIÓN DEL TÍTULO | |
| Título | El Greco / |
| Mención de responsabilidad, etc. | Leo Bronstein ; traducción de Rafael Santos Torroella. |
| 260 ## - PUBLICACIÓN, DISTRIBUCIÓN, ETC. | |
| Lugar de publicación, distribución, etc. | Köln : |
| Nombre del editor, distribuidor, etc. | DuMont Schauberg, |
| Fecha de publicación, distribución, etc. | 1967. |
| 300 ## - DESCRIPCIÓN FÍSICA | |
| Extensión | 120 p. : |
| Otras características físicas | il. col. |
| Dimensiones | 32 cm. |
| 336 ## - TIPO DE CONTENIDO | |
| Fuente | rdacontent |
| Término de tipo de contenido | texto |
| 337 ## - TIPO DE MEDIO | |
| Fuente | rdamedia |
| Nombre/término del tipo de medio | sin mediación |
| 338 ## - TIPO DE SOPORTE | |
| Fuente | rdacarrier |
| Nombre/término del tipo de soporte | volumen |
| 490 1# - MENCIÓN DE SERIE | |
| Mención de serie | Biblioteca de grandes pintores |
| 600 04 - PUNTO DE ACCESO ADICIONAL DE MATERIA--NOMBRE DE PERSONA | |
| 9 (RLIN) | 46893 |
| Nombre de persona | El Greco |
| 655 #7 - TERMINO DE INDIZACIÓN--GENERO/FORMA | |
| Fuente del término | tgfbne |
| Datos o término principal de género/forma | Libros ilustrados |
| 9 (RLIN) | 193653 |
| 700 0# - ENTRADA AGREGADA--NOMBRE PERSONAL | |
| 9 (RLIN) | 103536 |
| Nombre de persona | Santos Torroella, Rafael |
| Término indicativo de función/relación | Traductor |
| 700 ## - ENTRADA AGREGADA--NOMBRE PERSONAL | |
| 9 (RLIN) | 237737 |
| Nombre de persona | Bronstein, Léo |
| Término indicativo de función/relación | Autor |
| 830 #0 - PUNTO DE ACCESO ADICIONAL DE SERIE-TÍTULO UNIFORME | |
| Título uniforme | Biblioteca de grandes pintores |
| 9 (RLIN) | 240024 |
| 852 ## - LOCALIZACIÓN | |
| Ubicación | ES-MaACL |
| Sublocalización o colección | R.153058 |
| Ubicación en estantería | Depósito J |
| Número de control de estantería | N-9097 |
| Donativo/Legado | Donación: Carlos d'Ors Führer |
| Encuadernación | Encuadernación cartoné |
| Nota libre | Quizá tuvo sobrecubiertas en su momento |
| itemnumber | 204998 |
| 903 ## - NOMBRE PERSONAL DE DONANTE | |
| 9 | 87369 |
| a | Ors Führer, Carlos d' |
| e | Donante |
| 942 ## - ELEMENTOS DE ENTRADA SECUNDARIOS (KOHA) | |
| Tipo de ítem Koha | Libro impreso |
| Suprimir en OPAC | No |
| Estatus retirado | Estado de pérdida | Fuente del sistema de clasificación o colocación | Estado de daño | No para préstamo | Biblioteca de origen | Biblioteca actual | Ubicación en estantería | Fecha de adquisición | Fuente de adquisición | Total de préstamos | Signatura topográfica completa | Código de barras | Visto por última vez | Precio de reemplazo | Tipo de ítem Koha |
|---|---|---|---|---|---|---|---|---|---|---|---|---|---|---|---|
| Clasificación decimal universal | Biblioteca del Ateneo de Madrid | Biblioteca del Ateneo de Madrid | Depósito J | 11/04/2025 | Donación | N-9097 | 101229845 | 11/04/2025 | 11/04/2025 | Libro impreso |
